000
00490nam a2200169Ia 4500
008
090711s9999 xx 000 0 und d
082
_b
52529
100
_a
नायक वामन
245
_a
माझा लेखसंग्रह
260
_c
1985
300
_a
48
600
_a
नायक वामन
630
_a
माझा लेखसंग्रह
700
_a
नायक वामन
730
_a
माझा लेखसंग्रह
942
_c
BOOK
999
_c
287079
_d
287079